00471nam a22001337a 4500008004100000040005500041080002100096100002300117245011200140260004100252300001300293650001200306653001900318230410b |||||||| |||| 00| 0 eng d aNational Science LibrarycNational Science Library a338.924(540)bK81 aMathur, Hari Mohan aIndustrial economy of a developing region: bA case study of Rajasthan in relation to other states of India aJaipur: bPrakash publishers, c1968 ax, 359p. aEconomy aSocio economic